=LDR 00000nam 2200000 4500 =001 $a INLIS000000000008374 =005 $a 20260604110021 =008 $a 260604################g##########0#ind## =022 ##$$a 978-979-3837-33-8 =035 ##$$a 0010-0626000001 =082 ##$$a 411.52 =084 ##$$a 411.52 TIM e =110 #$$a Tim Pustaka Timur =245 ##$$a Ejaan bahasa Indonesia yang disempurnakan : $b EYD terbaru (Permendiknas Nomor 46 Tahun 2009) $c Tim Pustaka Timur =246 ##$$a =260 ##$$a Yogyakarta $b Pustaka Timur $c 2009 =300 ##$$a viii, 183 hlm. $b ilus. $c 21 cm $d =336 ##$$a =337 ##$$a =338 ##$$a =500 #$$a Dilengkapi hal ihwal tentang: Majas, Pantun, dan Peribahasa Kata, Makna Kata, Relasi Makna, dan Kalimat Peristiwa Monumental Kebahasaan 1901–2010 Sastrawan Peraih Penghargaan Nasional dan Internasional =650 #$$a Bahasa Indonesia–Ejaan =650 #$$a Ejaan, Perubahan =700 #$$a =740 ##$$a =856 ##$$a =Wor $a 1